Statistics for All Ireland Football Championship Winner by year

Click here to take the quiz!

General Stats

  • This quiz has been taken 29 times
    (19 since last reset)
  • The average score is 129 of 135

Answer Stats

YearWinnersRunners-UpTitles% Correct
2002ArmaghKerry1
100%
1933CavanGalway1
100%
1935CavanKildare2
100%
1948CavanMayo4
100%
1947CavanKerry3
100%
1952CavanMeath5
100%
1990CorkMeath6
100%
1989CorkMayo5
100%
2010CorkDown7
100%
1911CorkAntrim2
100%
1973CorkGalway4
100%
1945CorkCavan3
100%
1890CorkWexford1
100%
1992DonegalDublin1
100%
2012DonegalMayo2
100%
1977DublinArmagh20
100%
1974DublinGalway18
100%
1983DublinGalway21
100%
1942DublinGalway15
100%
1923DublinKerry14
100%
1922DublinGalway13
100%
1921DublinMayo12
100%
1963DublinGalway17
100%
1958DublinDerry16
100%
1995DublinTyrone22
100%
1898DublinWaterford5
100%
2020DublinMayo30
100%
1899DublinCork6
100%
1897DublinCork4
100%
2016DublinMayo26
100%
2017DublinMayo27
100%
2018DublinTyrone28
100%
1901DublinLondon7
100%
1894DublinCork3
100%
1902DublinLondon8
100%
2015DublinKerry25
100%
2013DublinMayo24
100%
1906DublinCork9
100%
1907DublinCork10
100%
1908DublinCork11
100%
1892DublinKerry2
100%
1891DublinCork1
100%
2011DublinKerry23
100%
1976DubllinKerry19
100%
1969KerryOffaly21
100%
1970KerryMeath22
100%
1962KerryRoscommon20
100%
1959KerryGalway19
100%
1975KerryDublin23
100%
2009KerryCork36
100%
1980KerryRoscommon26
100%
1978KerryDublin24
100%
1979KerryDublin25
100%
2007KerryCork35
100%
1981KerryOffaly27
100%
1984KerryDublin28
100%
1985KerryDublin29
100%
1986KerryTyrone30
100%
2014KerryDonegal37
100%
1997KerryMayo31
100%
2000KerryGalway32
100%
2004KerryMayo33
100%
2006KerryMayo34
100%
2022KerryGalway38
100%
1955KerryDublin2
100%
1953KerryArmagh17
100%
1940KerryGalway14
100%
1939KerryMeath13
100%
1937KerryCavan12
100%
1932KerryMayo11
100%
1931KerryKildare10
100%
1930KerryMonaghan9
100%
1929KerryKildare8
100%
1926KerryKildare7
100%
1946KerryRoscommon16
100%
1924KerryDublin6
100%
1914KerryWexford5
100%
1913KerryWexford4
100%
1909KerryLouth3
100%
1904KerryDublin2
100%
1903KerryLondon1
100%
1941KerryGalway15
100%
1996MeathMayo6
100%
1954MeathKerry2
100%
1987MeathCork4
100%
1999MeathCork6
100%
1988MeathCork5
100%
1949MeathCavan1
100%
1967MeathCork3
100%
1993DerryCork1
94%
1925GalwayCavan1
94%
1934GalwayDublin2
94%
2001GalwayMeath9
94%
1938GalwayKerry3
94%
1998GalwayKildare8
94%
1956GalwayCork4
94%
1966GalwayMeath7
94%
1965GalwayKerry6
94%
1964GalwayKerry5
94%
1950MayoLouth2
94%
1936MayoLaois1
94%
1951MayoMeath3
94%
1972OffalyKerry2
94%
1971OffalyGalway1
94%
1982OffalyKerry3
94%
1944RoscommonKerry2
94%
1943RoscommonCavan1
94%
1900TipperaryLondon3
94%
1889TipperaryLaois1
94%
1920TipperaryDublin4
94%
1895TipperaryMeath2
94%
1915WexfordKerry2
94%
1893WexfordCork1
94%
1918WexfordTipperary5
94%
1917WexfordClare4
94%
1916WexfordMayo3
94%
1896LimerickDublin2
88%
1887LimerickLouth1
88%
1912LouthAntrim2
88%
1910LouthKerry1
88%
1957LouthCork3
88%
1960DownKerry1
81%
1994DownDublin5
81%
1968DownKerry3
81%
1991DownMeath4
81%
1961DownOffaly2
81%
1905KildareKerry1
81%
1919KildareGalway2
81%
1927KildareKerry3
81%
1928KildareCavan4
81%
2003TyroneArmagh1
81%
2008TyroneKerry3
81%
2021TyroneMayo4
81%
2005TyroneKerry2
81%
2019DubinKerry29
6%

Score Distribution

Percentile by Number Answered

Percent of People with Each Score

Your Score History

You have not taken this quiz since the last reset